000 00461nam a2200157Ia 4500
008 230711s9999||||xx |||||||||||||| ||und||
041 _aENG
082 _a621.8
_bBU-I
100 _aBureau of Indian Standard
245 0 _aIS : 398 Pt V 1982
_bSpecification for aluminium cirductors for overhead transmission purpose
250 _a1st
260 _c1982
_aNew Delhi
_bBureau of Indian Standard
300 _a16
650 _aElectrical Engineering
942 _cBK
999 _c1486
_d1486